000 00648nam a2200193Ia 4500
003 GCL
008 140319s9999 xx 000 0 ara d
040 _aGCL /
_cGCL
082 0 4 _a953.206
_bع س
245 1 0 _aالسياسة الثقافية فى الجمهورية العربية اليمنية
300 _a84 ص
490 _aالسياسات الثقافية: دراسات ووثائق
_v0
650 0 4 _aالتعليم
650 0 4 _aالثقافة
650 0 4 _aالانتربولوجيا الثقافية
650 0 4 _aالاتفاقيات الثقافية
650 0 4 _aاليمن - الاحوال الثقافية
942 _2ddc
_cBK
999 _c38012
_d38012